书目信息 |
| 题名: |
中华传统文化精要普及读本
|
|
| 作者: | 殷旵 主编 | |
| 分册: | 第二册 | |
| 出版信息: | 北京 北京工业大学出版社 2007.09 |
|
| 页数: | 369页 | |
| 开本: | 26cm | |
| 丛书名: | ||
| 单 册: | ||
| 中图分类: | G12-49 | |
| 科图分类: | ||
| 主题词: | 传统文化--chuan tong wen hua--中国--普及读物 | |
| 电子资源: | ||
| ISBN: | 978-7-5639-1820-1 | |
| 000 | 01063nam0 2200229 450 | |
| 001 | 012007288437 | |
| 005 | 20071201085243.87 | |
| 010 | @a978-7-5639-1820-1@dCNY39.00 | |
| 100 | @a20070921d2007 km y0chiy0120 ea | |
| 101 | 0 | @achi |
| 102 | @aCN@b110000 | |
| 105 | @aa z 000yy | |
| 106 | @ar | |
| 200 | 1 | @a中华传统文化精要普及读本@Azhong hua chuan tong wen hua jing yao pu ji du ben@h第二册@f殷旵主编@Fyin chan zhu bian |
| 210 | @a北京@c北京工业大学出版社@d2007.09 | |
| 215 | @a369页@c图@d26cm | |
| 330 | @a《中华传统文化精要普及读本》是以“弘扬中华传统文化,实现中华文化伟大复兴”为主旨,秉承知识性、通俗性、实用性的方针编辑出版的系列丛书。上册深入传统文化最精髓的部分;中册则系统介绍中华传统诗、词、歌、赋、曲等经典文化;下册对中华武术、杂技、琴、棋、书、画等娱乐文化,春节、元宵、清明、端午、七夕、中秋、重阳、除夕等节日文化,以及独具特色的茶文化与酒文化作以概述。 | |
| 606 | 0 | @a传统文化@Achuan tong wen hua@y中国@j普及读物 |
| 690 | @aG12-49@v4 | |
| 701 | 0 | @a殷旵@Ayin chan@4主编 |
| 801 | 0 | @aCN@bQSSK@c20071201 |
| 905 | @b269329@dG12-49@eY579:2@f1 | |
| 中华传统文化精要普及读本.第二册/殷旵主编.-北京:北京工业大学出版社,2007.09 |
| 369页:图;26cm |
| ISBN 978-7-5639-1820-1:CNY39.00 |
| 《中华传统文化精要普及读本》是以“弘扬中华传统文化,实现中华文化伟大复兴”为主旨,秉承知识性、通俗性、实用性的方针编辑出版的系列丛书。上册深入传统文化最精髓的部分;中册则系统介绍中华传统诗、词、歌、赋、曲等经典文化;下册对中华武术、杂技、琴、棋、书、画等娱乐文化,春节、元宵、清明、端午、七夕、中秋、重阳、除夕等节日文化,以及独具特色的茶文化与酒文化作以概述。 |
| ● |
| 相关链接 |
|
|
|
正题名:中华传统文化精要普及读本
索取号:G12-49/Y579:2
 
预约/预借
| 序号 | 登录号 | 条形码 | 馆藏地/架位号 | 状态 | 备注 |
| 1 | 269329 | 202693291 | 社科库409/409社科库 56排2列4层/ [索取号:G12-49/Y579:2] | 在馆 |